000 00903nam a2200277 i 4500
003 EG-GICUC
005 20260202112759.0
008 260202s1986 fr ||||fr|||| 000 0 fre d
040 _aEG-GiCUC
_bfre
_cEG-GiCUC
_dEG-GiCUC
_eRda
082 0 4 _221
_a341.28
_bDI . A
092 0 4 _221
099 _aLaw1 11 341.28 DI . A 1986
100 1 _aDiener, Ingolf
_eAuteur
245 1 0 _aApartheid ! La Cassure :
_bLa Namibie, Un Peuple, Un Devenir /
_cIngolf Diener.
264 1 _aParis :
_bArcantère Éditions,
_c1986.
300 _a341page :
_billustration ;
_c 24 cm.
336 _2rda contenu
_a texte
337 _2rda medias
_aOrdinateur
338 _2 transporteur rda
_a Ressource en ligne
546 _aTexte en français
650 1 4 _aDroit international public
_2
651 1 _2
856 4 0 _uhttps://fll.law.cu.edu.eg/fulltext/bks/B11-06674.pdf
905 _a50
942 _2ddc
_cBK
_e21
_n0
999 _c60232
_d60232